000
00290cam a22001097a 4500
008
180718b1962 xxu||||| |||| 00| 0 eng d
082
_a
R112x45 Ot8
100
_a
Ottieri, Ottiero
245
_a
Men at the gate
_c
by Ottiero Ottieri
260
_a
London
_b
Victor Gollancz
_c
1962
300
_a
173p.
999
_c
434332
_d
434332